Fractal Zeta Functions and Fractal Drums (Запис № 453263)

МАРК-запис
000 -LEADER
fixed length control field 05729nam a22006135i 4500
001 - CONTROL NUMBER
control field 978-3-319-44706-3
003 - CONTROL NUMBER IDENTIFIER
control field DE-He213
005 - DATE AND TIME OF LATEST TRANSACTION
control field 20210118152858.0
007 - PHYSICAL DESCRIPTION FIXED FIELD--GENERAL INFORMATION
fixed length control field cr nn 008mamaa
008 - FIXED-LENGTH DATA ELEMENTS--GENERAL INFORMATION
fixed length control field 170607s2017 gw | s |||| 0|eng d
020 ## - INTERNATIONAL STANDARD BOOK NUMBER
International Standard Book Number 9783319447063
-- 978-3-319-44706-3
024 7# - OTHER STANDARD IDENTIFIER
Standard number or code 10.1007/978-3-319-44706-3
Source of number or code doi
050 #4 - LIBRARY OF CONGRESS CALL NUMBER
Classification number QA241-247.5
072 #7 - SUBJECT CATEGORY CODE
Subject category code PBH
Source bicssc
072 #7 - SUBJECT CATEGORY CODE
Subject category code MAT022000
Source bisacsh
072 #7 - SUBJECT CATEGORY CODE
Subject category code PBH
Source thema
082 04 - DEWEY DECIMAL CLASSIFICATION NUMBER
Classification number 512.7
Edition number 23
100 1# - MAIN ENTRY--PERSONAL NAME
Personal name Lapidus, Michel L.
Relator term author.
Relator code aut
-- http://id.loc.gov/vocabulary/relators/aut
245 10 - TITLE STATEMENT
Title Fractal Zeta Functions and Fractal Drums
Medium [electronic resource] :
Remainder of title Higher-Dimensional Theory of Complex Dimensions /
Statement of responsibility, etc by Michel L. Lapidus, Goran Radunović, Darko Žubrinić.
250 ## - EDITION STATEMENT
Edition statement 1st ed. 2017.
264 #1 -
-- Cham :
-- Springer International Publishing :
-- Imprint: Springer,
-- 2017.
300 ## - PHYSICAL DESCRIPTION
Extent XL, 655 p. 55 illus., 10 illus. in color.
Other physical details online resource.
336 ## -
-- text
-- txt
-- rdacontent
337 ## -
-- computer
-- c
-- rdamedia
338 ## -
-- online resource
-- cr
-- rdacarrier
347 ## -
-- text file
-- PDF
-- rda
490 1# - SERIES STATEMENT
Series statement Springer Monographs in Mathematics,
Міжнародний стандартний серійний номер для назви серії (ISSN) 1439-7382
505 0# - FORMATTED CONTENTS NOTE
Formatted contents note Overview -- Preface -- List of Figures -- Key Words -- Selected Key Results -- Glossary -- 1. Introduction -- 2 Distance and Tube Zeta Functions -- 3. Applications of Distance and Tube Zeta Functions -- 4. Relative Fractal Drums and Their Complex Dimensions -- 5.Fractal Tube Formulas and Complex Dimensions -- 6. Classification of Fractal Sets and Concluding Comments -- Appendix A. Tame Dirchlet-Type Integrals -- Appendix B. Local Distance Zeta Functions -- Appendix C. Distance Zeta Functions and Principal Complex Dimensions of RFDs -- Acknowledgements -- Bibliography -- Author Index -- Subject Index. .
520 ## - SUMMARY, ETC.
Summary, etc This monograph gives a state-of-the-art and accessible treatment of a new general higher-dimensional theory of complex dimensions, valid for arbitrary bounded subsets of Euclidean spaces, as well as for their natural generalization, relative fractal drums. It provides a significant extension of the existing theory of zeta functions for fractal strings to fractal sets and arbitrary bounded sets in Euclidean spaces of any dimension. Two new classes of fractal zeta functions are introduced, namely, the distance and tube zeta functions of bounded sets, and their key properties are investigated. The theory is developed step-by-step at a slow pace, and every step is well motivated by numerous examples, historical remarks and comments, relating the objects under investigation to other concepts. Special emphasis is placed on the study of complex dimensions of bounded sets and their connections with the notions of Minkowski content and Minkowski measurability, as well as on fractal tube formulas. It is shown for the first time that essential singularities of fractal zeta functions can naturally emerge for various classes of fractal sets and have a significant geometric effect. The theory developed in this book leads naturally to a new definition of fractality, expressed in terms of the existence of underlying geometric oscillations or, equivalently, in terms of the existence of nonreal complex dimensions. The connections to previous extensive work of the first author and his collaborators on geometric zeta functions of fractal strings are clearly explained. Many concepts are discussed for the first time, making the book a rich source of new thoughts and ideas to be developed further. The book contains a large number of open problems and describes many possible directions for further research. The beginning chapters may be used as a part of a course on fractal geometry. The primary readership is aimed at graduate students and researchers working in Fractal Geometry and other related fields, such as Complex Analysis, Dynamical Systems, Geometric Measure Theory, Harmonic Analysis, Mathematical Physics, Analytic Number Theory and the Spectral Theory of Elliptic Differential Operators. The book should be accessible to nonexperts and newcomers to the field.
506 ## - RESTRICTIONS ON ACCESS NOTE
Terms governing access Available to subscribing member institutions only. Доступно лише організаціям членам підписки.
506 ## - RESTRICTIONS ON ACCESS NOTE
Standardized terminology for access restriction Online access from local network of NaUOA.
506 ## - RESTRICTIONS ON ACCESS NOTE
Standardized terminology for access restriction Online access with authorization at https://link.springer.com/
506 ## - RESTRICTIONS ON ACCESS NOTE
Standardized terminology for access restriction Онлайн-доступ з локальної мережі НаУОА.
506 ## - RESTRICTIONS ON ACCESS NOTE
Standardized terminology for access restriction Онлайн доступ з авторизацією на https://link.springer.com/
650 #0 - SUBJECT ADDED ENTRY--TOPICAL TERM
Topical term or geographic name as entry element Number theory.
650 #0 - SUBJECT ADDED ENTRY--TOPICAL TERM
Topical term or geographic name as entry element Measure theory.
650 #0 - SUBJECT ADDED ENTRY--TOPICAL TERM
Topical term or geographic name as entry element Mathematical physics.
650 14 - SUBJECT ADDED ENTRY--TOPICAL TERM
Topical term or geographic name as entry element Number Theory.
-- http://scigraph.springernature.com/things/product-market-codes/M25001
650 24 - SUBJECT ADDED ENTRY--TOPICAL TERM
Topical term or geographic name as entry element Measure and Integration.
-- http://scigraph.springernature.com/things/product-market-codes/M12120
650 24 - SUBJECT ADDED ENTRY--TOPICAL TERM
Topical term or geographic name as entry element Mathematical Physics.
-- http://scigraph.springernature.com/things/product-market-codes/M35000
700 1# - ADDED ENTRY--PERSONAL NAME
Personal name Radunović, Goran.
Relator term author.
Relator code aut
-- http://id.loc.gov/vocabulary/relators/aut
700 1# - ADDED ENTRY--PERSONAL NAME
Personal name Žubrinić, Darko.
Relator term author.
Relator code aut
-- http://id.loc.gov/vocabulary/relators/aut
710 2# - ADDED ENTRY--CORPORATE NAME
Corporate name or jurisdiction name as entry element SpringerLink (Online service)
773 0# - HOST ITEM ENTRY
Title Springer eBooks
776 08 - ADDITIONAL PHYSICAL FORM ENTRY
Display text Printed edition:
International Standard Book Number 9783319447049
776 08 - ADDITIONAL PHYSICAL FORM ENTRY
Display text Printed edition:
International Standard Book Number 9783319447056
776 08 - ADDITIONAL PHYSICAL FORM ENTRY
Display text Printed edition:
International Standard Book Number 9783319831152
830 #0 - SERIES ADDED ENTRY--UNIFORM TITLE
Uniform title Springer Monographs in Mathematics,
-- 1439-7382
856 40 - ELECTRONIC LOCATION AND ACCESS
Uniform Resource Identifier <a href="https://doi.org/10.1007/978-3-319-44706-3">https://doi.org/10.1007/978-3-319-44706-3</a>
912 ## -
-- ZDB-2-SMA
942 ## - ADDED ENTRY ELEMENTS (KOHA)
Koha item type ЕКнига

Немає доступних примірників.